00962nam a2200265 a 4500008004100000020002200041049000900063090001700072100002100089245012200110260005800232300003400290500002000324504004100344650002300385700001700408700002200425907003500447003000100482005001700483040000900500942002400509999001900533952014400552  a1853396419 (pbk.) aMAIN aRA427.8bFER1 aFerron, Suzanne.10aHygiene promotion :ba practical manual for relief and development /cSuzanne Ferron, Joy Morgan and Marion O'Reilly. aWarwickshire :bPractical Action Publishing,c2007.  axix, 281 p. :bill. ;c25 cm. aIncludes index. aIncludes bibliographical references. 1aHygiene promotion. aMorgan, Joy. aO'Rilley, Marion. a.b10270620b28-10-09c26-10-0920230120204023.0 cNUST cBOOKSkRA427.8mFER c115689d115689 r2023-01-20 00:00:00l2oRA427.8 FERp92004011118v80.00w2023-01-20yBOOKS102lcc40708NFIC00aMedicalbMedicalcGENd2023-01-20g80.00